00904 2200421 4500001002100000008004100021035002000062245004000082100001200122250000600134260003000140084001400170082000800184650001400192990001200206990001200218990001200230990001200242990001200254990001200266990001200278990001200290990001200302990001200314990001200326990001200338990001200350990001200362990001200374990001200386990001200398990001200410990001200422990001200434990001200446990001200458990001200470INLIS000000000001193 ind  a0010-0524000428 aMatematika Untuk Kelas XIIcSartono aSartono a1 aJakarta :bErlanggac2006 a510 SAR m a510 aNon Fiksi a0713604 a0713605 a0713606 a0713607 a0713608 a0713609 a0713610 a0713611 a0713612 a0713613 a0713614 a0713615 a0713616 a0713617 a0713618 a0713619 a0713620 a0713621 a0713622 a0713623 a0713624 a0713625 a0713626